Úvod do pedagogickej komunikácie Štúdijný text

Saved in:
Bibliographic Details
Format: Book
Language:Slovak
Published: Bratislava Slov. ped. nakl. 1989
Edition:1. vyd.
Tags: Add Tag
No Tags, Be the first to tag this record!

MARC

LEADER 00000nam a2200000 4500
001 c026634
005 20250818114227.6
041 0 |a slo 
044 |a SK 
245 1 0 |a Úvod do pedagogickej komunikácie  |b Štúdijný text  |c Ján Tej a kol. 
250 |a 1. vyd. 
264 1 |a Bratislava  |b Slov. ped. nakl.  |c 1989 
300 |a 128 s.